اب نہ بسوں اہ گاؤں : (Record no. 106599)

MARC details
000 -LEADER
fixed length control field 01014nam a22002657a 4500
005 - DATE AND TIME OF LATEST TRANSACTION
control field 20170123162314.0
010 ## - LIBRARY OF CONGRESS CONTROL NUMBER
LC control number A-845642
020 ## - INTERNATIONAL STANDARD BOOK NUMBER
Terms of availability 200.00
International Standard Book Number 8126002476
035 ## - SYSTEM CONTROL NUMBER
System control number A-845642
037 ## - SOURCE OF ACQUISITION
Source of stock number/acquisition Cen Lib/Ret
040 ## - CATALOGING SOURCE
Original cataloging agency DPL
Language of cataloging UR
082 ## - DEWEY DECIMAL CLASSIFICATION NUMBER
Classification number ن
Item number د گ ل
100 ## - MAIN ENTRY--PERSONAL NAME
Personal name دگگل، کرتار سنگھ
9 (RLIN) 113725
245 ## - TITLE STATEMENT
Title اب نہ بسوں اہ گاؤں :
Statement of responsibility, etc کرتار سنگھ دگگل ؛ مترجم رتن سنگھ
Remainder of title پنجابی ناول /
246 ## - VARYING FORM OF TITLE
Title proper/short title Ab na basu ah gaaon : punjabi novel /
Remainder of title by Kartar Singh Duggal ; trasleted by Ratan Singh
260 ## - PUBLICATION, DISTRIBUTION, ETC. (IMPRINT)
Place of publication, distribution, etc نیی دہلی
Name of publisher, distributor, etc ایجوکیشن پبلشنگ ہاؤس
Date of publication, distribution, etc 1997
270 ## - ADDRESS
City نیی دہلی
Address رویندرا بھوں ٣٥ فیروز شاہ مارگ
Postal code 110001
300 ## - PHYSICAL DESCRIPTION
Extent 486p.
Dimensions 21cm(Hb)
650 ## - SUBJECT ADDED ENTRY--TOPICAL TERM
Topical term or geographic name as entry element اردو ادب
9 (RLIN) 113726
650 ## - SUBJECT ADDED ENTRY--TOPICAL TERM
Topical term or geographic name as entry element پنجابی ناول
9 (RLIN) 109143
650 ## - SUBJECT ADDED ENTRY--TOPICAL TERM
Topical term or geographic name as entry element Urdu literature
9 (RLIN) 113727
650 ## - SUBJECT ADDED ENTRY--TOPICAL TERM
Topical term or geographic name as entry element Punjabi novel
9 (RLIN) 6285
700 ## - ADDED ENTRY--PERSONAL NAME
Personal name رتن سنگھ
9 (RLIN) 113728
942 ## - ADDED ENTRY ELEMENTS (KOHA)
Source of classification or shelving scheme Dewey Decimal Classification
Koha item type Urdu Bks
Classification part ن
Call number suffix د گ ل
Holdings
Withdrawn status Lost status Damaged status Not for loan Home library Current library Date acquired Source of acquisition Cost, normal purchase price Total Checkouts Full call number Barcode Date last seen Date checked out Copy number Cost, replacement price Price effective from Koha item type
        Central Library Central Library 26/12/2015 Cen Lib/Ret 200.00 1 ن د گ ل A-845642 08/01/2018 26/12/2017 1 200.00 26/12/2015 Urdu Bks

© Delhi Public Library
Hit Counter
free hit counter